000 00696nam a2200217 i 4500
001 79938
003 ES-MaACL
005 20250930063101.0
007 t|
008 041025s1978 sp ||||1| spa d
100 1 _aHesse, Hermann,
_d1877-1962
_963472
245 1 3 _aEl arte del ocio /
_cHermann Hesse ; compilación de Volker Michels ; [traducción por Feliú Formosa y Mireia Bofill].
250 _a[1ª ed.].
260 _a[Barcelona] :
_bPlaneta,
_c[1978]
300 _a331 p. ;
_c20 cm.
700 1 _aMichels, Volker.
_980933
700 1 _aFormosa, Feliu,
_d1934-
_951759
700 1 _aBofill, Mireia.
_929779
852 _aES-MaACL
_jA-9306
_bR.98380
999 _c79938
_d79938